000 00249nam a2200097Ia 4500
001 979193
005 20250826220802.0
008 250824s9999 xx 000 0 und d
245 0 _aFİL OZOF'UN DOĞA GÜNLÜĞÜ
_cFATİH DİKMEN
260 _bTAZE KİTAP
999 _c979193
_d979193